书目信息 |
| 题名: |
扬琴演奏百日通
|
|
| 作者: | 孙福华 主编 | |
| 分册: | ||
| 出版信息: | 北京 金盾出版社 2014 |
|
| 页数: | 136页 | |
| 开本: | 29cm | |
| 丛书名: | ||
| 单 册: | ||
| 中图分类: | J632.516 | |
| 科图分类: | ||
| 主题词: | 扬琴--Yang Qin--奏法 | |
| 电子资源: | ||
| ISBN: | 978-7-5082-9483-4 | |
| 000 | 00763nam0 22002291 450 | |
| 001 | 0101082548 | |
| 005 | 20161202101321.45 | |
| 010 | @a978-7-5082-9483-4@dCNY22.00 | |
| 100 | @a20141103d2014 em y0chiy50 ea | |
| 101 | 0 | @achi |
| 102 | @aCN@b110000 | |
| 105 | @aag z 000yy | |
| 106 | @ar | |
| 200 | 1 | @a扬琴演奏百日通@AYang Qin Yan Zou Bai Ri Tong@f孙福华主编 |
| 210 | @a北京@c金盾出版社@d2014 | |
| 215 | @a136页@c图@d29cm | |
| 330 | @a本书介绍如何演奏扬琴的入门级图书,从扬琴的基础知识、各个音调的演奏方式和扬琴小品快乐奏等方面进行阐述,实用性强并具有一定的音乐鉴赏性。 | |
| 606 | 0 | @a扬琴@AYang Qin@x奏法 |
| 690 | @aJ632.516@v5 | |
| 701 | 0 | @a孙福华@ASun Fu Hua@f(1960~)@4主编 |
| 801 | 0 | @aCN@bTANGWEI@c20161128 |
| 905 | @b0952521-5@dJ632.516@e112@f5 | |
| 扬琴演奏百日通/孙福华主编.-北京:金盾出版社,2014 |
| 136页:图;29cm |
| ISBN 978-7-5082-9483-4:CNY22.00 |
| 本书介绍如何演奏扬琴的入门级图书,从扬琴的基础知识、各个音调的演奏方式和扬琴小品快乐奏等方面进行阐述,实用性强并具有一定的音乐鉴赏性。 |
| ● |
| 相关链接 |
|
|
|
|
正题名:扬琴演奏百日通
索取号:J632.516/112
 
预约/预借
| 序号 | 登录号 | 条形码 | 馆藏地/架位号 | 状态 | 备注 |
| 1 | 0952521 | 209525218 | 第一样本阅览室/ [索取号:J632.516/112] | 在馆 | |
| 2 | 0952522 | 209525227 | 第一借阅区/ [索取号:J632.516/112] | 在馆 | |
| 3 | 0952523 | 209525236 | 第一借阅区/ [索取号:J632.516/112] | 在馆 | |
| 4 | 0952524 | 209525245 | 第一借阅区/ [索取号:J632.516/112] | 在馆 | |
| 5 | 0952525 | 209525254 | 第一借阅区/ [索取号:J632.516/112] | 在馆 |